000 00529nam a2200181Ia 4500
999 _c6534
_d6534
003 OSt
005 20201020104014.0
008 190216s9999||||xx |||||||||||||| ||und||
020 _a9788182470606
040 _coclc
082 _a155.25
_bDOR/P
100 _aDorman, Nathan
_95957
245 0 _aPersonality Development Nature Yourself /
_cNathan Dorman
260 _bAbhishek Publications ,
_c2004.
_aNew Delhi:
300 _a192p
650 _aCommerce
942 _cBK
_2ddc
_h155.25
_iDOR/P
_k155.25
_mDOR/P